| 000 | 00358nam a2200157Ia 4500 | ||
|---|---|---|---|
| 003 | OSt | ||
| 005 | 20240115124912.0 | ||
| 008 | 170524s9999 xx 000 0 und d | ||
| 020 | _a0070668361 | ||
| 040 | _ciimt university meerut | ||
| 100 | _aHAAG- STEPHEN | ||
| 100 | _c2010 | ||
| 245 | 0 | _aMANAGEMENT INFORMATION SYSTEM | |
| 260 | _aTMH | ||
| 942 |
_2ddc _c02 |
||
| 999 |
_c2706 _d2706 |
||